[Event "Zadar op"]
[Site "Zadar"]
[Date "1995.??.??"]
[Round "?"]
[White "Kristovic, Marijan"]
[Black "Loncar, Robert"]
[Result "1-0"]
[WhiteElo "2275"]
[BlackElo "2385"]

1.e4 c5 2.Nf3 Nc6 3.Bb5 g6 4.c3 Bg7 5.O-O Nf6 6.Re1 O-O 7.h3 a6 8.Ba4 b5
9.Bb3 Bb7 10.d4 cxd4 11.cxd4 d5 12.e5 Ne4 13.Nbd2 Nxd2 14.Bxd2 Qb6 15.Bxd5 Rad8
16.Bxc6 Bxc6 17.Bb4 Qb7 18.Bc5 Rd7 19.Qb3 Bd5 20.Qe3 Rfd8 21.a4 b4 22.a5 Bf8
23.Ra4 b3 24.Rb4 Qa8 25.Rb6 Rc7 26.Qd3 Rc6 27.Qe3 Rd7 28.Qf4 h6 29.e6 Rxe6
30.Rexe6 Bxe6 31.Rb8 Qd5 32.Bxe7 Rxe7 33.Qxh6  1-0

[Event "Zadar op (Women)"]
[Site "Zadar"]
[Date "1995.??.??"]
[Round "?"]
[White "Paraminski, Albina"]
[Black "Mihevc, Narcisa"]
[Result "0-1"]
[WhiteElo "2095"]
[BlackElo "2150"]

1.e4 c5 2.Nf3 Nc6 3.Bb5 d6 4.c3 Bd7 5.O-O Nf6 6.Qe2 e5 7.d3 Be7 8.a4 O-O
9.Nbd2 a6 10.Bxc6 Bxc6 11.a5 Nd7 12.Nc4 f5 13.Nfd2 f4 14.d4 cxd4 15.cxd4 Bb5
16.d5 Rc8 17.b3 Nc5 18.Qf3 Qe8 19.Re1 Qg6 20.Rb1 Rf7 21.Nb6 Nd3 22.Rf1 Rc3
23.Bb2 Ne1 24.Rfxe1 Rxf3 25.Nxf3 Bd3 26.Rbc1 Bxe4 27.Kf1 Bxf3 28.gxf3 Qd3+  0-1

[Event "EU-ch U16"]
[Site "Zagan"]
[Date "1995.??.??"]
[Round "1"]
[White "Dyce, Andrew"]
[Black "Vaklinov, Atanas"]
[Result "1-0"]
[WhiteElo "2135"]
[BlackElo "2025"]

1.e4 c5 2.Nf3 Nc6 3.Bb5 g6 4.O-O Bg7 5.Bxc6 dxc6 6.h3 Nf6 7.Qe2 O-O 8.c3 b6
9.Rd1 a5 10.d4 Ba6 11.Qc2 cxd4 12.cxd4 Rc8 13.Nc3 Qc7 14.Be3 Rfd8 15.Rac1 Nd7
16.Qb3 Qb7 17.Ng5 e6 18.f4 Nf6 19.d5 cxd5 20.Qxb6 Rb8 21.Qxa5 h6 22.Nf3 Rdc8
23.exd5 Nxd5 24.Nxd5 exd5 25.Rxc8+ Rxc8 26.b3 Be2 27.Rxd5 Bxf3 28.gxf3 Kh7
29.Qb5 Qe7 30.Bf2 Qf6 31.Qa4 Rc1+ 32.Kg2 Rc2 33.Kg3 h5 34.h4 Qe6 35.Qe4 Rxa2
36.Qxe6 fxe6 37.Rd7 Kg8 38.b4 Rb2 39.Rxg7+  1-0

[Event "EU-ch U16"]
[Site "Zagan"]
[Date "1995.??.??"]
[Round "2"]
[White "Samulevicius, Tomas"]
[Black "Pinski, Jan"]
[Result "0-1"]
[WhiteElo "2095"]
[BlackElo "2270"]

1.e4 c5 2.Nf3 Nc6 3.Bb5 e6 4.O-O Nge7 5.b3 Nd4 6.Nxd4 cxd4 7.Bb2 a6 8.Be2 Nc6
9.c3 d5 10.exd5 exd5 11.cxd4 Be7 12.Bf3 O-O 13.Nc3 Be6 14.Ne2 Bf6 15.d3 Qb6
16.Qd2 h6 17.Bc3 Rac8 18.Qb2 Rfd8 19.b4 Ne7 20.g3 Nf5 21.Rac1 Rc7 22.a3 Rdc8
23.Kg2 Kh7 24.Kg1 Rxc3 25.Nxc3 Qxd4 26.Na4 Qxb2 27.Nxb2 Rxc1 28.Rxc1 Bxb2
29.Rc7 b5 30.Rc5 Bxa3 31.Bxd5 Nd4 32.Bb7 Bxb4 33.Rc7 a5 34.Ba6 a4  0-1

[Event "EU-ch U18"]
[Site "Zagan"]
[Date "1995.??.??"]
[Round "2"]
[White "Grund, Holger"]
[Black "Protaziuk, Grzegorz"]
[Result "1/2-1/2"]
[WhiteElo "2335"]
[BlackElo "2285"]

1.e4 c5 2.Nf3 Nc6 3.Bb5 d6 4.O-O Bd7 5.c3 Nf6 6.Re1 a6 7.Bxc6 Bxc6 8.d4 cxd4
9.cxd4 Bxe4 10.Nc3 Bxf3 11.Qxf3 e6 12.Qxb7 Qc8 13.Qb4 Be7 14.Bf4 Qd7 15.d5 e5
16.Bg5 O-O 17.Bxf6 Bxf6 18.Rac1 Rfb8 19.Qa3 Bd8 20.Ne4 Rb6 21.Rc4 f5 22.Nc3 e4
23.Rc6 Rxc6 24.dxc6 Qxc6 25.Qb3+ Kh8 26.Qe6 Ba5 27.Qxf5 Bxc3 28.bxc3 Re8
29.h4 h6 30.Qg6 Re5 31.Rb1 Rb5 32.Rd1 Rd5 33.Re1 Re5 34.Rc1 Rc5 35.Rb1 Rb5
36.Re1 Rc5  1/2-1/2

[Event "EU-ch U16"]
[Site "Zagan"]
[Date "1995.??.??"]
[Round "3"]
[White "Eusebe, Aurelien"]
[Black "De Vreugt, Dennis"]
[Result "1-0"]
[WhiteElo "2125"]
[BlackElo "2270"]

1.e4 c5 2.Nf3 Nc6 3.Bb5 g6 4.O-O Bg7 5.Re1 Nf6 6.e5 Nd5 7.Nc3 Nc7 8.Bxc6 dxc6
9.Ne4 Ne6 10.a4 a5 11.d3 O-O 12.Bd2 b6 13.Qc1 Ba6 14.Bh6 c4 15.Bxg7 Kxg7
16.dxc4 Bxc4 17.Neg5 h6 18.Nxe6+ Bxe6 19.Ra3 c5 20.h3 Qc7 21.Nh2 Rad8 22.Ng4 Rh8
23.f4 Qc6 24.Rd1 Qe4 25.Rxd8 Rxd8 26.f5 Bxf5 27.Qxh6+ Kg8 28.Re3 Rd1+ 29.Kh2 Qd5
30.c4 Qd2 31.Rb3 Qd4 32.Rxb6 Qg1+ 33.Kg3 Rd3+ 34.Kh4 Qe1+ 35.Kg5 Rd8 36.Nf6+  1-0

[Event "EU-ch U16"]
[Site "Zagan"]
[Date "1995.??.??"]
[Round "3"]
[White "Dyce, Andrew"]
[Black "Cyborowski, Lukasz"]
[Result "1/2-1/2"]
[WhiteElo "2135"]
[BlackElo "2210"]

1.e4 c5 2.Nf3 Nc6 3.Bb5 e6 4.Bxc6 bxc6 5.e5 f6 6.O-O fxe5 7.Nxe5 Nf6 8.d3 Be7
9.f4 O-O 10.Nd2 Qc7 11.Ndf3 Nd5 12.g3 d6 13.Nc4 Bd7 14.c3 Rf7 15.Ng5 Bxg5
16.fxg5 Rxf1+ 17.Qxf1 Rf8 18.Qe2 e5 19.Be3 Bh3 20.Bf2 Qd7 21.Ne3 Qf7 22.Nc4 Qd7
23.Ne3 Nxe3 24.Bxe3 Qf5 25.Re1 Bg4 26.Qd2 Qf3 27.Qg2 Qf5 28.Qe4 Qxe4 29.dxe4 a5
30.b3 Rb8 31.h3 Be6 32.Rd1 c4 33.bxc4 Bxc4 34.Rxd6 Rb1+ 35.Kf2 Rb2+ 36.Rd2 Rxd2+
37.Bxd2 Bxa2 38.c4 a4 39.c5 Bb1 40.Ke3 Kf7  1/2-1/2

[Event "EU-ch U16"]
[Site "Zagan"]
[Date "1995.??.??"]
[Round "5"]
[White "Svetushkin, Dmitry"]
[Black "De Vreugt, Dennis"]
[Result "0-1"]
[WhiteElo "2220"]
[BlackElo "2270"]

1.e4 c5 2.Nf3 Nc6 3.Bb5 g6 4.O-O Bg7 5.Re1 Nf6 6.c3 O-O 7.d4 cxd4 8.cxd4 d5
9.e5 Ne4 10.Nbd2 Bf5 11.Nb3 a5 12.a4 Nb4 13.Nh4 e6 14.Nxf5 exf5 15.Be3 Qe7
16.Rc1 b6 17.Qe2 Ra7 18.f3 Ng5 19.Bxg5 Qxg5 20.Rc3 Re7 21.Bc6 h5 22.Qb5 h4
23.h3 Qg3 24.Rf1 Qf4 25.Qxb6 Rxe5 26.dxe5 Bxe5 27.Qe3 Qh2+ 28.Kf2 Nxc6 29.f4 Bxf4
30.Qf3 Re8 31.Qxd5 Bg3+ 32.Kf3 Be1 33.Re3 Qg3+ 34.Ke2 Qxe3+ 35.Kd1 Nb4 36.Qd7 Qe2+
37.Kc1 Qc2+  0-1

[Event "EU-ch U18 Girls"]
[Site "Zagan"]
[Date "1995.??.??"]
[Round "5"]
[White "Tallova, Ivana"]
[Black "Ciuksyte, Dagne"]
[Result "1-0"]
[WhiteElo "2060"]
[BlackElo "2225"]

1.e4 c5 2.Nf3 Nc6 3.Bb5 Nf6 4.Bxc6 dxc6 5.d3 g6 6.h3 Bg7 7.Nc3 O-O 8.Be3 b6
9.a4 Qc7 10.Qc1 e5 11.a5 Ba6 12.Na4 Nd7 13.Nd2 f5 14.f3 Nf6 15.O-O Bc8 16.axb6 axb6
17.b4 cxb4 18.Bxb6 Qb8 19.Bc5 Rd8 20.Qb2 Bf8 21.Bxf8 Kxf8 22.Rfb1 fxe4 23.fxe4 Be6
24.Nc5 Rxa1 25.Nxe6+ Ke7 26.Rxa1 Kxe6 27.Nf3 b3 28.Ng5+ Ke7 29.Rc1 bxc2 30.Qxc2 Rd6
31.Qc4 Qe8 32.Ra1 h6 33.Nf3 Nd7 34.d4 Qf7 35.Qb4 Qe6 36.Ra7 Kf6 37.Ra5 c5
38.dxc5 Rd1+ 39.Kh2 Rc1 40.Qa3  1-0

[Event "EU-ch U16"]
[Site "Zagan"]
[Date "1995.??.??"]
[Round "6"]
[White "Cyborowski, Lukasz"]
[Black "Antoniewski, Rafal"]
[Result "1/2-1/2"]
[WhiteElo "2210"]
[BlackElo "2250"]

1.e4 c5 2.Nf3 Nc6 3.Bb5 g6 4.O-O Bg7 5.Re1 e5 6.Bxc6 dxc6 7.h3 Qe7 8.d3 Nh6
9.Be3 f6 10.c3 O-O 11.d4 cxd4 12.cxd4 exd4 13.Nxd4 Nf7 14.Nc3 Be6 15.Nxe6 Qxe6
16.Qb3 Qxb3 17.axb3 a6 18.Red1 Rfd8 19.Bb6 Rd6 20.Rxd6 Nxd6 21.Rd1 Bf8 22.Bc7 Nb5
23.Rd7 Re8 24.Bd8 Nxc3 25.bxc3 Rxe4 26.Rxb7 f5 27.Bf6 c5 28.Kf1 Re6 29.Bg5 h6
30.Be3 Rc6 31.c4 g5 32.g3 Bd6 33.Ke2 Bc7 34.h4 f4 35.gxf4 gxh4 36.Kf3 Kf7
37.Kg4 Kf6 38.Kxh4 Kf5 39.Kh5 Ke4 40.Kg4 Rg6+ 41.Kh5 Rc6 42.f5 Kxf5 43.Bxh6 Be5  1/2-1/2

[Event "EU-ch U16"]
[Site "Zagan"]
[Date "1995.??.??"]
[Round "9"]
[White "Samulevicius, Tomas"]
[Black "Smetankin, Stanislav"]
[Result "1-0"]
[WhiteElo "2095"]
[BlackElo "2315"]

1.e4 c5 2.Nf3 Nc6 3.Bb5 Nf6 4.Nc3 g6 5.h3 Nd4 6.e5 Nxb5 7.Nxb5 Nd5 8.Qe2 Nf4
9.Qe4 Ne6 10.c3 a6 11.Na3 Bg7 12.O-O O-O 13.d4 cxd4 14.cxd4 d5 15.Qe2 b5
16.Nc2 Qb6 17.b3 b4 18.Bd2 a5 19.Rfc1 Ba6 20.Qd1 Rfc8 21.g3 Ra7 22.a3 bxa3
23.Rxa3 Bd3 24.Bxa5 Rxa5 25.Rxa5 Qxa5 26.Qxd3 Qc3 27.Nfe1 Nxd4 28.Qxc3 Rxc3
29.Rd1 Nxc2 30.Nxc2 Rxc2 31.Rxd5 Re2 32.Rd8+ Bf8 33.Rd5 e6 34.Rb5 h5 35.h4 Rd2
36.f4 Rc2 37.Rb8 Kg7 38.b4 Rb2 39.b5 Bc5+ 40.Kf1 Bf2  1-0

[Event "EU-ch U18"]
[Site "Zagan"]
[Date "1995.??.??"]
[Round "11"]
[White "Van den Doel, Erik"]
[Black "Protaziuk, Grzegorz"]
[Result "1/2-1/2"]
[WhiteElo "2305"]
[BlackElo "2285"]

1.e4 c5 2.Nf3 Nc6 3.Bb5 d6 4.O-O Bd7 5.Re1 a6 6.Bf1 Nf6 7.c3 Bg4 8.d3 Bxf3
9.Qxf3 g6 10.Be3 Bg7 11.Nd2 O-O 12.d4 cxd4 13.cxd4 Nd7 14.Nb3 Na5 15.Qd1 Rc8
16.Qd2 Nxb3 17.axb3 Nb8 18.h3 Nc6 19.d5 Ne5 20.f4 Nd7 21.b4 Kh8 22.Be2 Kg8
23.Rac1 Nf6 24.Bf3 Rxc1 25.Rxc1 Re8 26.Qc2 h6 27.Qc7 Qxc7 28.Rxc7 e6 29.dxe6 Rxe6
30.Rxb7 Nxe4 31.Bg4 Re8 32.Bd7 Rd8 33.Bb6 Rf8 34.Bc6 Ng3 35.Kf2 Nh5 36.Kf3 Bxb2
37.g4 Ng7 38.Bd5 Ne6 39.f5 Ng5+ 40.Kg2 gxf5 41.gxf5 Kg7 42.Ra7 Kf6 43.h4 Nh7
44.Be3 Kxf5 45.Bxh6 Rg8+ 46.Kf3 Nf6 47.Ba2 Rg4 48.Re7 Rg1 49.Bc4 Ng4 50.Bd3+ Kf6
51.Bg5+ Kg7 52.Bxa6 Ne5+ 53.Ke2 Bc3 54.b5 Ba5 55.Bc8 Rb1 56.Rb7 Kg6 57.Be7 Re1+
58.Kf2 Nd3+ 59.Kg2 Nc5 60.Bxd6 Nxb7 61.Bxb7 Bb6 62.Bf3 f5 63.Bf4 Rg1+ 64.Kh3 Rb1
65.h5+ Kf6 66.Bc6 Rb3+ 67.Kg2 Rd3 68.Bf3 Rb3 69.Bc6 Rb1 70.Kh2 Bd4 71.Kg2 Be5
72.Be3 f4 73.Bf2 Bc7 74.h6 Rb2 75.Kf3 Kg6 76.b6 Bxb6 77.Be4+ Kxh6 78.Bxb6 Rxb6
79.Kxf4  1/2-1/2

[Event "Zagreb-ch"]
[Site "Zagreb"]
[Date "1995.??.??"]
[Round "?"]
[White "Zaja, Ivan"]
[Black "Takac, Zvonko"]
[Result "0-1"]
[WhiteElo "2395"]
[BlackElo "2245"]

1.e4 c5 2.Nf3 Nc6 3.Bb5 e6 4.O-O Nge7 5.Re1 a6 6.Bf1 Ng6 7.c3 d5 8.d4 dxe4
9.Rxe4 Be7 10.Bd3 O-O 11.dxc5 e5 12.Re1 Bxc5 13.Qc2 f5 14.Bc4+ Kh8 15.Ng5 Qf6
16.b4 Ba7 17.Qb3 h6 18.Nf7+ Kh7 19.Be3 b5 20.Bd5 Nge7 21.Bg5 hxg5  0-1

[Event "Zalakaros op"]
[Site "Zalakaros"]
[Date "1995.??.??"]
[Round "5"]
[White "Biro, Sandor"]
[Black "Pergel, Laszlo"]
[Result "1-0"]
[WhiteElo "2320"]
[BlackElo "2145"]

1.e4 c5 2.Nf3 Nc6 3.Bb5 g6 4.O-O Bg7 5.Re1 Nf6 6.c3 O-O 7.d4 cxd4 8.cxd4 d5
9.e5 Ne8 10.h3 Qb6 11.Nc3 Nc7 12.Bf1 a6 13.a3 Rd8 14.b4 Ne6 15.Be3 f6 16.Qb3 Nexd4
17.Nxd4 Nxd4 18.Bxd4 Qxd4 19.Rad1 Qb6 20.exf6 Bxf6 21.Nxd5 Rxd5 22.Qxd5+ Kg7
23.Bc4 Bf5 24.g4 Bc2 25.Rd2 Ba4 26.g5  1-0

[Event "Zalakaros op"]
[Site "Zalakaros"]
[Date "1995.??.??"]
[Round "7"]
[White "Ruck, Tamas"]
[Black "Kiss, Attila"]
[Result "1-0"]
[WhiteElo "2265"]
[BlackElo "2380"]

1.e4 c5 2.Nf3 Nc6 3.Bb5 g6 4.O-O Bg7 5.Re1 Nf6 6.Bxc6 dxc6 7.h3 O-O 8.e5 Nd5
9.b3 f5 10.Bb2 Be6 11.d4 cxd4 12.Nxd4 Qd7 13.c4 Nc7 14.Na3 Rfd8 15.Qf3 c5
16.Ndb5 Na6 17.Nc2 Qc6 18.Qe2 Nc7 19.Nxc7 Qxc7 20.Red1 a6 21.Ne1 Qc6 22.Rxd8+ Rxd8
23.a4 Qd7 24.a5 Bh6 25.Bc3 Kf7 26.Kf1 Bg7 27.Qe3 Qc6 28.Nd3 Rc8 29.f3 h6
30.h4 b5 31.axb6 Qxb6 32.Ra3 Rc6 33.Ke2 Qc7 34.Kd2 Ke8 35.Ra5 Bg8 36.Rxc5 f4
37.Qd4 g5 38.Ba5 Qb7 39.Qd8+ Kf7 40.Qd5+ Kf8 41.Qxc6 Qxb3  1-0

[Event "Zalakaros op"]
[Site "Zalakaros"]
[Date "1995.??.??"]
[Round "8"]
[White "Chernyshov, Konstantin"]
[Black "Csiszar, Csaba"]
[Result "1-0"]
[WhiteElo "2510"]
[BlackElo "2380"]

1.e4 c5 2.Nf3 Nc6 3.Bb5 e5 4.O-O d6 5.c3 Bd7 6.d4 Qc7 7.b4 Nf6 8.bxc5 dxc5
9.Bxc6 Bxc6 10.Nxe5 Bxe4 11.Qa4+ Bc6 12.Nxc6 bxc6 13.Bf4 Bd6 14.Bxd6 Qxd6
15.Re1+ Kf8 16.Nd2 cxd4 17.Nc4 Qc5 18.cxd4 Qb5 19.Qa3+ Kg8 20.Ne5 a5 21.Rac1 Nd5
22.Qf3 Nf6 23.Nxc6 h6 24.Rc5 Qb6 25.Ne7+ Kh7 26.Qf5+ g6 27.Nxg6  1-0

[Event "EU-ch U20 Girls"]
[Site "Zanka"]
[Date "1995.??.??"]
[Round "6"]
[White "Susterman, Anja"]
[Black "Grabics, Monika"]
[Result "1/2-1/2"]
[WhiteElo "2225"]
[BlackElo "2315"]

1.e4 c5 2.Nf3 Nc6 3.Bb5 g6 4.O-O Bg7 5.c3 e5 6.d3 Nge7 7.Be3 d6 8.d4 exd4
9.cxd4 O-O 10.Nc3 Qb6 11.dxc5 dxc5 12.Bxc6 Qxc6 13.Rc1 b6 14.b4 Ba6 15.Re1 Rfd8
16.Qb3 c4 17.Qa3 Rd3 18.Nd5 Nxd5 19.Qxd3 cxd3 20.Rxc6 Nxb4 21.Rc7 Nxa2 22.e5 Nb4
23.Ra1 Bf8 24.Bd2 Rd8 25.Rxa7 Bc4 26.Ra8 Nc6 27.Rxd8 Nxd8 28.Ra8 Be7 29.Bg5 Bd5
30.Rb8 Kf8 31.Kf1 Bxf3 32.Bxe7+ Kxe7 33.gxf3 Nc6 34.Rb7+ Ke6 35.Rxb6 Kd5
36.f4 Nd4 37.Ke1 Ne6 38.Rb7 Nxf4 39.Rxf7 Kxe5 40.Rxh7 Ke4 41.Kd2 Kf3 42.Rf7 g5
43.Rg7 Nh3 44.Kxd3 Nxf2+ 45.Kd4 Ng4 46.Rxg5 Nxh2 47.Rf5+ Kg3 48.Ke4 Kg2 49.Rf8 Kg3
50.Rg8+ Kf2 51.Kf4 Nf3 52.Ke4 Nd2+ 53.Kd3 Nf3 54.Rf8 Kg3 55.Ke3 Ng5  1/2-1/2

[Event "EU-ch U20 Girls"]
[Site "Zanka"]
[Date "1995.??.??"]
[Round "9"]
[White "Rusakova, N."]
[Black "Maric, Katarina"]
[Result "1/2-1/2"]
[WhiteElo "2075"]
[BlackElo "2045"]

1.e4 c5 2.Nf3 Nc6 3.Bb5 g6 4.O-O Bg7 5.c3 Nf6 6.Qe2 O-O 7.d4 cxd4 8.cxd4 a6
9.Bxc6 bxc6 10.Nc3 d6 11.h3 a5 12.Rd1 Qc7 13.Be3 Nd7 14.Rac1 Ba6 15.Qd2 Qb7
16.Bh6 Rfc8 17.Bxg7 Kxg7 18.b3 Nf8 19.Nh2 e5 20.dxe5 dxe5 21.Qg5 f6 22.Qe3 Qa7
23.Qf3 Qe7 24.Na4 Rab8 25.Ng4 h5 26.Ne3 Ne6 27.Rd2 Rd8 28.Qg3 Kf7 29.Rxd8 Rxd8
30.Kh2 Nf4 31.Nc3 Rd2 32.Rd1 Rxd1 33.Nexd1 Qd6 34.Qe3 c5 35.g3 Ne6 36.Nd5 Bb7
37.N1c3 Bxd5 38.exd5 Nd4 39.Qh6 Nf5 40.Qh8 Ng7 41.Qa8 Qb6 42.Na4 Qb4 43.Qa7+ Kg8
44.Qxc5 Qd2 45.Nc3 h4 46.g4 f5 47.Kg2 fxg4 48.hxg4 Qf4 49.Qc4 h3+ 50.Kxh3 Qf3+
51.Kh4 Qxf2+ 52.Kg5 Ne8 53.d6+ Kg7 54.Qe6 Qf4+ 55.Kh4 g5+ 56.Kh3 Qf3+ 57.Kh2 Qf2+  1/2-1/2

[Event "Zaragoza op-B"]
[Site "Zaragoza"]
[Date "1995.??.??"]
[Round "9"]
[White "Ruiz Diez, Julio Cesar"]
[Black "Cid Royo, Oscar"]
[Result "1-0"]
[WhiteElo "2185"]
[BlackElo "2105"]

1.e4 c5 2.Nf3 Nc6 3.Bb5 a6 4.Bxc6 dxc6 5.h3 Qc7 6.O-O e5 7.b3 Nf6 8.Bb2 Bd6
9.Re1 O-O 10.c3 Qe7 11.Qc2 Nh5 12.d4 f6 13.Nbd2 b5 14.Rad1 Nf4 15.Nf1 a5
16.Ne3 g6 17.d5 cxd5 18.Nxd5 Nxd5 19.exd5 Bf5 20.Qe2 Rab8 21.c4 b4 22.Nd2 Bd7
23.f4 Rbe8 24.fxe5 Bxe5 25.Bxe5 fxe5 26.Ne4 Bf5 27.d6 Qa7 28.Rd5 Qb6 29.Qe3 Bxe4
30.Qxe4 Rf7 31.Rxe5  1-0

[Event "Zuerich op"]
[Site "Zuerich"]
[Date "1995.??.??"]
[Round "5"]
[White "Pelletier, Yannick"]
[Black "Weindl, Alfred"]
[Result "0-1"]
[WhiteElo "2460"]
[BlackElo "2350"]

1.e4 c5 2.Nf3 Nc6 3.Bb5 g6 4.O-O Bg7 5.Re1 Nf6 6.Bxc6 dxc6 7.d3 O-O 8.h3 Ne8
9.a4 Nc7 10.Na3 Ne6 11.c3 Qd7 12.Ng5 Rd8 13.Nxe6 Qxe6 14.Qc2 b6 15.Be3 Ba6
16.Red1 Rd7 17.Rd2 Rad8 18.Rad1 f5 19.a5 fxe4 20.dxe4 Rxd2 21.Rxd2 Rxd2 22.Qxd2 Qd6
23.axb6 Qxd2 24.Bxd2 axb6 25.f4 Bd3 26.e5 g5 27.g3 gxf4 28.gxf4 Kf7 29.Kf2 Ke6
30.Ke3 Bf1 31.h4 Kf5 32.Kf3 Bd3 33.Ke3 Be4 34.Be1 b5 35.Bg3 h5 36.b3 e6 37.Bh2 Bf8  0-1

[Event "Aegina op"]
[Site "Aegina"]
[Date "1996.??.??"]
[Round "5"]
[White "Amendola, Konstantinos"]
[Black "Tzermiadianos, Andreas"]
[Result "0-1"]
[WhiteElo "2215"]
[BlackElo "2375"]

1.e4 c5 2.Nf3 Nc6 3.Bb5 g6 4.O-O Bg7 5.c3 Nf6 6.Re1 O-O 7.h3 Ne8 8.d4 cxd4
9.cxd4 Nc7 10.Bxc6 dxc6 11.Nc3 Qd6 12.d5 cxd5 13.exd5 Rd8 14.Bg5 Nxd5 15.Nxd5 Qxd5
16.Qxd5 Rxd5 17.Rxe7 Bd7 18.Re2 Rc8 19.Be3 Bb5 20.Ree1 a6 21.Rac1 Rxc1 22.Bxc1 Bf6
23.Nd2 Bd3 24.Nf3 Kg7 25.b3 b5 26.Ba3 a5 27.Bc1 b4 28.Bf4 Bb5 29.Bc7 Bd7
30.Ne5 Be6 31.Nc4 a4 32.Bd6 axb3 33.axb3 Rd3 34.Bxb4 Rxb3 35.Rxe6 fxe6 36.Bd2 Bd4
37.Kf1 e5 38.Ke2 Kf6 39.f3 Ke6  0-1

[Event "US op"]
[Site "Alexandria"]
[Date "1996.??.??"]
[Round "10"]
[White "Curdo, John"]
[Black "Young, Angelo"]
[Result "1/2-1/2"]
[WhiteElo "2285"]
[BlackElo "2415"]

1.e4 c5 2.Nf3 Nc6 3.Bb5 Nf6 4.Qe2 g6 5.O-O Bg7 6.c3 O-O 7.d4 cxd4 8.cxd4 a6
9.Ba4 d6 10.h3 Bd7 11.Nc3 b5 12.Bb3 b4 13.Nb1 Na5 14.Bc2 Bb5 15.Bd3 Qb8 16.Bg5 Bxd3
17.Qxd3 Qb5 18.Qxb5 axb5 19.Nbd2 Nc4 20.Rfc1 Rfc8 21.Kf1 h6 22.Bxf6 Bxf6
23.Ke2 Nxb2 24.Rxc8+ Rxc8 25.Rb1 Na4 26.Rxb4 Nc3+ 27.Ke3 Nxa2 28.Rxb5 Rc3+
29.Ke2 Nc1+ 30.Kf1 Rc2 31.e5 dxe5 32.dxe5 Bg5 33.Ne4 Nd3 34.Nfxg5 hxg5 35.g3 Kg7
36.Rd5 Nb4 37.Rd7 Nc6 38.Nxg5 Nxe5 39.Rb7 Nc6 40.Rc7 Kf6 41.h4  1/2-1/2

[Event "Donner mem op"]
[Site "Amsterdam"]
[Date "1996.??.??"]
[Round "6"]
[White "Van den Doel, Erik"]
[Black "Strating, Sybolt"]
[Result "1-0"]
[WhiteElo "2440"]
[BlackElo "2325"]

1.e4 c5 2.Nf3 Nc6 3.Bb5 g6 4.O-O Bg7 5.Re1 e5 6.Bxc6 dxc6 7.a4 Qc7 8.a5 Nf6
9.Qe2 Rb8 10.Qc4 b6 11.axb6 axb6 12.b4 cxb4 13.Qxb4 c5 14.Qb5+ Bd7 15.Qb2 Nh5
16.Nc3 O-O 17.Nd5 Qb7 18.Ra3 Nf4 19.Nxf4 exf4 20.Qb1 Ra8 21.Rxa8 Rxa8 22.Bb2 f6
23.e5 fxe5 24.Bxe5 Bc6 25.Bxg7 Bxf3 26.Ba1 Bxg2 27.Qb2 Rxa1 28.Rxa1 Bh1 29.Qb3+ Bd5
30.Qh3 Qe7 31.Qg4 Qe4 32.Qc8+ Kg7 33.Ra7+ Kf6 34.Qf8+ Kg5 35.Qe7+ Kg4 36.Qxe4 Bxe4
37.d3 Bf3 38.Ra6 Bd1 39.Ra2 b5 40.c3 b4 41.Ra5 bxc3 42.Rxc5 c2 43.d4 h5 44.Kf1 h4
45.h3+ Kf3 46.d5 Be2+ 47.Kg1 Bd3 48.d6 Bf5 49.Rxc2  1-0

[Event "Donner mem op"]
[Site "Amsterdam"]
[Date "1996.??.??"]
[Round "9"]
[White "Bellin, Robert"]
[Black "Slingerland, Fred"]
[Result "1-0"]
[WhiteElo "2375"]
[BlackElo "2295"]

1.e4 c5 2.Nf3 Nc6 3.Bb5 g6 4.O-O Bg7 5.Nc3 Nf6 6.e5 Ng4 7.Bxc6 dxc6 8.Qe2 Qc7
9.Re1 O-O 10.d3 Nh6 11.Ne4 b6 12.Bf4 Nf5 13.Qd2 Nd4 14.Nf6+ exf6 15.exf6 Nxf3+
16.gxf3 Qd7 17.fxg7 Re8 18.Rxe8+ Qxe8 19.Re1 Be6 20.Be5 Rd8 21.Qh6 Bf5 22.Bc3 Qd7
23.Bf6 Rc8 24.Qf4 Be6 25.Re4 Bd5 26.Re5 Qh3 27.Qg4 Be6 28.Qe4 Qh5 29.Rxe6  1-0

[Event "Andorra"]
[Site "Andorra"]
[Date "1996.??.??"]
[Round "4"]
[White "Jansa, Vlastimil"]
[Black "Franco Ocampo, Zenon"]
[Result "0-1"]
[WhiteElo "2490"]
[BlackElo "2470"]

1.e4 c5 2.Nf3 Nc6 3.Bb5 e6 4.O-O Nge7 5.b3 d6 6.d4 cxd4 7.Nxd4 a6 8.Bxc6+ bxc6
9.Bb2 e5 10.Ne2 Ng6 11.Nd2 f6 12.f4 Bg4 13.Nf3 d5 14.Qd3 dxe4 15.Qxe4 Qd5
16.Qxd5 cxd5 17.fxe5 fxe5 18.h3 Bxf3 19.Rxf3 Rc8 20.Re1 Be7 21.Ng3 e4 22.Rf5 Rxc2
23.Re2 Rxe2 24.Nxe2 Bc5+ 25.Bd4 Ne7 26.Rf1 Bxd4+ 27.Nxd4 Rf8 28.Rc1 Kd7 29.Rc5 Kd6
30.b4 Ke5 31.Nb3 e3 32.Rc7 Nf5 33.Nc5 e2 34.Kf2 Nd4+  0-1

[Event "RUS-ch sf"]
[Site "Arkhangelsk"]
[Date "1996.??.??"]
[Round "?"]
[White "Shabanov, Yuri"]
[Black "Cherniaev, Alexander"]
[Result "1/2-1/2"]
[WhiteElo "2405"]
[BlackElo "2430"]

1.e4 c5 2.Nf3 Nc6 3.Bb5 e6 4.O-O Nge7 5.Nc3 Nd4 6.Nxd4 cxd4 7.Ne2 a6 8.Bd3 d5
9.exd5 Nxd5 10.c3 dxc3 11.dxc3 Bd6 12.Qc2 Qc7 13.h3 Bd7 14.Bd2 h6 15.Rac1 O-O
16.a3 e5 17.c4 Nf6 18.c5 Be7 19.Ng3 Rfe8 20.Rfe1 Bf8 21.b4 Bc6 22.Bc3 Nd5
23.Bb2 Rad8 24.Rcd1 g6 25.Bc4 Bg7 26.Ne4 Nf4 27.Nd6 Re7 28.Bf1 Bd7 29.Rd2 Kh7
30.h4 f5 31.g3 Nh5 32.Qd1 Bc6 33.Kh2 e4 34.Bxg7 Rxg7 35.Be2 e3 36.fxe3 Nf6
37.Rd4 Qe7 38.Qd2 Rf8 39.Bd1 Qe5 40.Qf2 Qe6 41.Kg1  1/2-1/2

[Event "Ashkhabad-B"]
[Site "Ashkhabad"]
[Date "1996.??.??"]
[Round "6"]
[White "Komliakov, Viktor"]
[Black "Kudriashov, Anatoli"]
[Result "1-0"]
[WhiteElo "2500"]
[BlackElo "2345"]

1.e4 c5 2.Nf3 Nc6 3.Bb5 d6 4.Bxc6+ bxc6 5.O-O e5 6.c3 Nf6 7.Re1 Be7 8.d4 cxd4
9.cxd4 Qc7 10.dxe5 dxe5 11.Nbd2 O-O 12.Qc2 Re8 13.Nc4 Bb4 14.Bd2 Bxd2 15.Nfxd2 Nh5
16.Nb3 Nf4 17.Nc5 Ne6 18.Nxe6 Bxe6 19.Ne3 a5 20.Rec1 Reb8 21.b3 Ra6 22.Nd5 Bxd5
23.exd5 Qd6 24.dxc6 Rc8 25.Qf5 Rcxc6 26.Rd1 g6 27.Qg5 Qf6 28.Qxf6 Rxf6 29.Rd5 Rfe6
30.Kf1 Kg7 31.Rc1 Reb6 32.Rc4 a4 33.b4 Kf6 34.a3 Ke6 35.Rcc5 f6 36.Ra5 Rc6
37.Rdc5 Rcb6 38.Ke2 e4 39.g4 Rd6 40.h4 h6 41.h5 Rxa5 42.bxa5 gxh5 43.Rxh5 Kd7
44.Rc5 Ke6 45.Ke3 h5 46.Rxh5 Rd3+  1-0

[Event "Asti op"]
[Site "Asti"]
[Date "1996.??.??"]
[Round "?"]
[White "Frank, Albert"]
[Black "Bianco, Valerio"]
[Result "0-1"]
[WhiteElo "2045"]
[BlackElo "2215"]

1.e4 c5 2.Nf3 Nc6 3.Bb5 g6 4.O-O Bg7 5.Re1 e5 6.c3 Nge7 7.d4 exd4 8.e5 h6
9.cxd4 cxd4 10.Nbd2 d6 11.exd6 Qxd6 12.Ne4 Qd8 13.Bxc6+ bxc6 14.Bf4 O-O 15.Qd2 Nf5
16.Rac1 Be6 17.Rxc6 Bxa2 18.Bc7 Qc8 19.Qa5 Be6 20.Rc5 Qb7 21.Rb5 Qc6 22.Rc5 Qb7
23.b4 d3 24.Be5 Bxe5 25.Nxe5 Nd4 26.Nd2 Bf5 27.Rc7 Qb6 28.Nd7 Qxa5 29.bxa5 Rfc8
30.Nf6+ Kg7 31.Rxc8 Rxc8 32.Ne8+ Kf8 33.Nd6 Rc2 34.Nxf5 gxf5 35.Nf1 Nb3 36.Rd1 d2
37.g3 Rc1 38.Ne3 Rxd1+ 39.Nxd1 Nxa5 40.Kf1 Nb3 41.Ke2 Ke7 42.Nb2 Ke6 43.Kd3 Kd5
44.Kc2 Na5 45.Kc3 a6 46.Kb4 Nc6+ 47.Kc3 Ne5 48.f4 Nf3 49.Kd3 Nxh2 50.Kxd2 Nf1+  0-1

[Event "Athens cup f"]
[Site "Athens"]
[Date "1996.??.??"]
[Round "?"]
[White "Kotronias, Vasilios"]
[Black "Tsorbatzoglou, Theodoros"]
[Result "1-0"]
[WhiteElo "2615"]
[BlackElo "2265"]

1.e4 c5 2.Nf3 Nc6 3.Bb5 g6 4.c3 Nf6 5.Qe2 Bg7 6.O-O O-O 7.Rd1 Qb6 8.Na3 a6
9.Bxc6 bxc6 10.h3 d6 11.d3 e5 12.Nc4 Qc7 13.b4 cxb4 14.cxb4 Nh5 15.Be3 Rb8
16.a3 Nf4 17.Bxf4 exf4 18.Rac1 Bd7 19.Qd2 f5 20.Na5 Kh8 21.Rc4 c5 22.exf5 Rxf5
23.Re1 Qd8 24.d4 cxb4 25.axb4 Rfb5 26.Qxf4 Qf8 27.Qxf8+ Bxf8 28.Rc7 Be8 29.Nc6 Bxc6
30.Rxc6 Rxb4 31.Rxa6 Rb1 32.Rxb1 Rxb1+ 33.Kh2 Rb5 34.h4 h6 35.g3 Kg7 36.Kg2 Kf7
37.Ra7+ Be7 38.Kf1 Rb2 39.d5 Rb4 40.Ke2 Kf6 41.Nd2 Rd4 42.Ra5 g5 43.Ke3 Rb4
44.hxg5+ hxg5 45.Kd3 Bd8 46.Ra6 Bb6 47.Kc3 Bc5 48.Nb3 Rxb3+ 49.Kxb3 Bxf2
50.g4 Ke5 51.Kc4 Kf4 52.Rxd6 Kxg4 53.Rf6 Bg1 54.d6 Bb6 55.Kb5 Bd4 56.Re6 Kf5
57.d7 Kxe6 58.d8=Q Bf6  1-0

[Event "GRE-chT"]
[Site "Athens"]
[Date "1996.??.??"]
[Round "3"]
[White "Pandavos, Emanouel"]
[Black "Karanikolas, Dimitrios"]
[Result "1/2-1/2"]
[WhiteElo "2330"]
[BlackElo "2165"]

1.e4 c5 2.Nf3 Nc6 3.Bb5 g6 4.O-O Bg7 5.Re1 Qb6 6.Na3 Nf6 7.c3 O-O 8.Bf1 d6
9.d3 a6 10.h3 Qc7 11.Be3 Rb8 12.Qd2 Re8 13.Bh6 Bh8 14.d4 cxd4 15.cxd4 d5
16.Bf4 Qd8 17.exd5 Nxd5 18.Bxb8 Nxb8 19.Ne5 e6 20.Nac4 Ne7 21.Rad1 b5 22.Ne3 Bb7
23.N3g4 Nf5 24.Nh6+ Nxh6 25.Qxh6 Bg7 26.Qf4 Re7 27.Be2 Nc6 28.Bf3 Nb4 29.Bxb7 Rxb7
30.a3 Nd5 31.Qe4 a5 32.Rc1 b4 33.axb4 Bxe5 34.dxe5 axb4 35.Rc4 Rb8 36.Rec1 Kg7
37.Qd4 Qf8 38.h4 h5 39.g3 Qe8 40.Ra1 Ra8 41.Rcc1 Qb8 42.Kh2 Kh7 43.Rxa8 Qxa8
44.Rc5 Qb8 45.Rc6 Qb5 46.Rd6 Kg7 47.Qa7 Qe2 48.Rd7 Qf3 49.Qd4 Kh7 50.Qc5 Kg7
51.Rd8 Kh7 52.Rf8 Kg7 53.Re8 Kh7 54.Rd8 Qf5 55.Qd4 Qf3 56.Kg1 Qf5 57.Kg2 Qc2
58.Qa7 Qe4+ 59.Kg1 Qb1+ 60.Kh2 Qf5 61.Qd4 Qf3 62.Rf8 Kg7 63.Rb8 Kh7 64.Kg1 Qf5
65.Rc8 Qf3 66.Re8 Kg7 67.Rc8 Kh7 68.Rf8  1/2-1/2

[Event "GRE-chT"]
[Site "Athens"]
[Date "1996.??.??"]
[Round "5"]
[White "Makropoulou, Marina"]
[Black "Giaidzi, Aspasia"]
[Result "1-0"]
[WhiteElo "2250"]
[BlackElo "2090"]

1.e4 c5 2.Nf3 Nc6 3.Bb5 Nd4 4.Nxd4 cxd4 5.O-O Nf6 6.e5 Qb6 7.c4 Ng8 8.d3 e6
9.Nd2 Ne7 10.Ne4 Ng6 11.Qh5 a6 12.Ba4 Qa5 13.Bc2 Qxe5 14.Qh3 b5 15.f4 Qc7
16.f5 exf5 17.Qxf5 d6 18.Qf2 Qa7 19.b3 f5 20.Ng3 f4 21.Nh5 Be7 22.Nxg7+ Kd8
23.Nh5 Bh4 24.g3 Bh3 25.Bxf4 Bxf1 26.Rxf1 Ne5 27.gxh4 Rg8+ 28.Bg5+ Kc8 29.Nf6 Rg6
30.Qf5+ Kb7 31.Qe4+ Kc8 32.Nxh7 Qxh7  1-0